Statistics for Minecraft A-Z

Click here to take the quiz!

General Stats

  • This quiz has been taken 113 times
  • The average score is 24 of 26

Answer Stats

HintLetterAnswer% Correct
Item that can be traded with PiglinsGGold
99%
Rideable mob with saddleHHorse
97%
Block that is used to craft itemsCCrafting table
96%
Biome with cactiDDesert
96%
Long, black mob with purple eyesEEnderman
96%
Plant in ocean that can be used as a fuel sourceKKelp
96%
Dimension containing ghasts and skeletonsNNether
96%
Name of the default skin (female)AAlex
95%
Unbreakable blockBBedrock
95%
Block used to smelt or cook itemsFFurnace
93%
Block that plays music discsJJukebox
93%
Ore used to enchant itemsLLapis Lazuli
93%
Jungle version of catOOcelot
93%
Name of the default skin (male)SSteve
93%
Points you get after killing mobs and mining oresXXP
93%
NPC with long noseVVillager
92%
Company that purchased MinecraftMMicrosoft
91%
Boss mob with three headsWWither
91%
Green mob in a blue shirtZZombie
91%
Small jumpy mob found in desertRRabbit
89%
White ore obtainable in the NetherQQuartz
88%
Type of dye obtainable from dandelionsYYellow Dye
88%
Usually the first thing you break in a speedrunTTree
87%
Enchantment that improve an item’s durabilityUUnbreaking
79%
Item that is used in the most crafting recipesIIron Ingot
72%
Inhabitants of the Woodland MansionsPPillagers
64%

Score Distribution

Percentile by Number Answered

Percent of People with Each Score

Your Score History

You have not taken this quiz